Exercise watermark (Record no. 83570)
[ view plain ]
| 000 -LEADER | |
|---|---|
| fixed length control field | 01030cad a22001935a 4500 |
| 001 - CONTROL NUMBER | |
| control field | L154311 |
| 008 - FIXED-LENGTH DATA ELEMENTS--GENERAL INFORMATION | |
| fixed length control field | 111111s2011 xxk 000 0 eng d |
| 035 ## - SYSTEM CONTROL NUMBER | |
| System control number | (Sirsi) u154311 |
| 041 0# - LANGUAGE CODE | |
| Language code of text/sound track or separate title | eng |
| 110 2# - MAIN ENTRY--CORPORATE NAME | |
| Corporate name or jurisdiction name as entry element | Exercise watermark review team |
| -- | [electronic resource] |
| 245 00 - TITLE STATEMENT | |
| Title | Exercise watermark |
| Medium | [electronic resource] |
| 260 ## - PUBLICATION, DISTRIBUTION, ETC. | |
| Place of publication, distribution, etc. | London |
| Name of publisher, distributor, etc. | DEFRA |
| Date of publication, distribution, etc. | 2011 |
| 520 00 - SUMMARY, ETC. | |
| Summary, etc. | Independent report shows that the emergency services in England and Wales are well prepared to respond to major flooding with 10 000 people taking part in the exercise desighed to test the country's response to floods. Indentifies 11 key recommendations and a further 25 actions that could further improve flood response and emergency arrangements. |
| 590 ## - LOCAL NOTE (RLIN) | |
| Local note | KA NTK |
| 651 #4 - SUBJECT ADDED ENTRY--GEOGRAPHIC NAME | |
| Geographic name | England and Wales |
| Chronological subdivision | 1543- |
| 690 ## - LOCAL SUBJECT ADDED ENTRY--TOPICAL TERM (OCLC, RLIN) | |
| Topical term or geographic name as entry element | ENVIRONMENTAL AND LAND CONSULTANCY-WATER RESOURCE MANAGEMENT-FLOODING |
| 856 40 - ELECTRONIC LOCATION AND ACCESS | |
| Uniform Resource Identifier | <a href="https://www.defra.gov.uk/publications/files/pb13673-exercise-watermark-finalreport.pdf">https://www.defra.gov.uk/publications/files/pb13673-exercise-watermark-finalreport.pdf</a> |
| Public note | View the item free of charge at www.defra.gov.uk |
| 942 ## - ADDED ENTRY ELEMENTS (KOHA) | |
| Suppress in OPAC | 0 |
| Withdrawn status | Lost status | Source of classification or shelving scheme | Damaged status | Not for loan | Home library | Current library | Shelving location | Date acquired | Total Checkouts | Full call number | Barcode | Date last seen | Copy number | Price effective from | Koha item type |
|---|---|---|---|---|---|---|---|---|---|---|---|---|---|---|---|
| Dewey Decimal Classification | Virtual | Virtual | Online | 11/11/2011 | ONLINE PUBLICATION | 154311-2001 | 06/08/2019 | 1 | 06/08/2019 | Book |